คู่มือการขอได้มาซึ่งที่ดินและห้องชุดของคนต่างด้าว คนไทยที่มีคู่สมรสเป็นคนต่างด้าว และนิติบุคคลบางประเภท (ระเบียนเลขที่ 61276)
| 000 -LEADER | |
|---|---|
| fixed length control field | 01345nam a22002057a 4500 |
| 005 - DATE AND TIME OF LATEST TRANSACTION | |
| control field | 20251125233054.0 |
| 008 - FIXED-LENGTH DATA ELEMENTS--GENERAL INFORMATION | |
| fixed length control field | s2552 th tha d |
| 040 ## - CATALOGING SOURCE | |
| Original cataloging agency | NALT |
| 041 ## - LANGUAGE CODE | |
| Language code of text/sound track or separate title | tha |
| 090 ## - LOCALLY ASSIGNED LC-TYPE CALL NUMBER (OCLC); LOCAL CALL NUMBER (RLIN) | |
| Classification number (OCLC) (R) ; Classification number, CALL (RLIN) (NR) | KO27.2 ท532ด |
| Local cutter number (OCLC) ; Book number/undivided call number, CALL (RLIN) | 2553 |
| 245 10 - TITLE STATEMENT | |
| Title | คู่มือการขอได้มาซึ่งที่ดินและห้องชุดของคนต่างด้าว คนไทยที่มีคู่สมรสเป็นคนต่างด้าว และนิติบุคคลบางประเภท |
| 260 3# - PUBLICATION, DISTRIBUTION, ETC. | |
| Place of publication, distribution, etc. | กรุงเทพฯ : |
| Name of publisher, distributor, etc. | สำนักมาตรฐานการทะเบียนที่ดิน กรมที่ดิน กระทรวงมหาดไทย, |
| Date of publication, distribution, etc. | 2552 |
| 300 ## - PHYSICAL DESCRIPTION | |
| Extent | 155 หน้า |
| 650 04 - SUBJECT ADDED ENTRY--TOPICAL TERM | |
| Topical term or geographic name entry element | คนต่างด้าว -- การถือกรรมสิทธิ์ห้องชุด -- กฎหมายและระเบียบข้อบังคับ |
| 650 04 - SUBJECT ADDED ENTRY--TOPICAL TERM | |
| Topical term or geographic name entry element | คนต่างด้าว -- การถือครองที่ดิน -- กฎหมายและระเบียบข้อบังคับ |
| 850 ## - HOLDING INSTITUTION | |
| Holding institution | NALT |
| 856 40 - ELECTRONIC LOCATION AND ACCESS | |
| Uniform Resource Identifier | <a href="https://hdl.handle.net/20.500.14156/302091">https://hdl.handle.net/20.500.14156/302091</a> |
| 942 ## - ADDED ENTRY ELEMENTS (KOHA) | |
| Koha item type | Law Book |
| Koha issues (borrowed), all copies | 2 |
| Source of classification or shelving scheme | Library of Congress Classification |
| Withdrawn status | Lost status | Source of classification or shelving scheme | Damaged status | Not for loan | Collection code | Home library | Current library | Source of acquisition | Total Checkouts | Full call number | Barcode | Date last seen | Date last checked out | Price effective from | Koha item type |
|---|---|---|---|---|---|---|---|---|---|---|---|---|---|---|---|
| Local Classification | Law Book collection | National Assembly Library of Thailand | National Assembly Library of Thailand | บริจาค | 2 | KO 27.2 ท532ด 2553 | 3961182516 | 06/12/2018 | 21/09/2017 | 09/06/2017 | Law Book |
